Statystyki dla Piłkarze z największą liczbą tytułów Mistrza Niemiec

Kliknij tutaj aby rozwiązać quiz!

Ogólne statystyki

  • Ten quiz został rozwiązany 55 razy
  • Średni wynik to 8 z 15

Statystyki odpowiedzi

PiłkarzIlość Tytułów% Poprawnych
Thomas Muller12
100%
Robert Lewandowski10
92%
Manuel Neuer11
88%
Jerome Boateng9
63%
Philipp Lahm8
63%
Arjen Robben8
62%
Franck Ribery9
62%
Joshua Kimmich8
52%
Kingsley Coman8
48%
David Alaba10
46%
Oliver Kahn8
35%
Bastian Schweinsteiger8
33%
Sven Ulreich8
27%
Javi Martinez9
17%
Mehmet Scholl8
6%

Rozkład punktacji

Percentyl według liczby udzielonych odpowiedzi

Procent ludzi z każdym wynikiem

Twoja historia wyników

Nie rozwiązałeś tego quizu